| 000 | 00796cab a2200253 4500 | ||
|---|---|---|---|
| 001 | WB2316-51 | ||
| 008 | 090401t1987 xxu||||| |||| 00| 0 eng d | ||
| 035 | _a(Sirsi) u64120 | ||
| 041 | _aeng | ||
| 245 | _aProperty along the M4 | ||
| 260 | _c1987 | ||
| 350 | _a0 | ||
| 490 |
_aFinancial Times _v24/4/87 p19-22 (4) Loan |
||
| 520 | _aA Financial Times Survey looking at the industrial market , the retail sector, development in the Thames Valley , Heathrow , Bristol , Cardiff and Swansea . | ||
| 650 | _aBUSINESS PARKS | ||
| 650 | _aCAMPBELL GORDON | ||
| 650 | _aM4 | ||
| 650 | _aPROPERTY-COMMERCIAL PROPERTY-OFFICE PROPERTY-OFFICE PROPERTY MARKET | ||
| 650 | _aWALES | ||
| 650 | _aWESTERN CORRIDOR | ||
| 690 | _aPROPERTY LAW AND PRACTICE | ||
| 942 | _n0 | ||
| 948 | _c04/03/1997 | ||
| 999 |
_c39918 _d39918 |
||